| 000 | 00732cam a2200241 a 4500 | ||
|---|---|---|---|
| 001 | 3925468 | ||
| 005 | 20180307034632.0 | ||
| 008 | 921120s1993 moua b 001 0 eng c | ||
| 010 | _a 92048210 | ||
| 020 | _a0801665124 | ||
| 040 |
_aDNLM/DLC _cDLC _dDLC |
||
| 041 | _aeng | ||
| 060 | _aWE 168 O7624 | ||
| 080 | _a617.3/00846 car | ||
| 082 | 0 | 0 |
_a617.3/00846 car _220 |
| 100 | _a8 | ||
| 101 | _aort | ||
| 245 | 0 | 0 |
_aOrthopedic assessment and treatment of the geriatric patient / _c[edited by] Carole B. Lewis, Karen A. Knortz. |
| 504 | _aIncludes bibliographical references and index. | ||
| 906 |
_a7 _bcbc _corignew _d1 _eocip _f19 _gy-gencatlg |
||
| 942 |
_2ddc _cBK |
||
| 999 |
_c44259 _d44259 |
||